000 005730000a22001450004500
050 4 _aCD 043
100 1 _aBolen, Todd
245 1 0 _aPictorial Library of Bible Lands Vol 6 : Jordan / Todd Bolen
505 0 0 _a- Amman Museum - Amman - Bethany beyond the Jordan - Gadara - Gerasa - Gilead, Lower - Gilead, Upper - Iraq el Emir - Jabbok, Penuel and Mahanaim - Jordan Rift - Medeba Map - Medeba Plateau - Moab and Edom - Petra
001 13610
942 _cBK
999 _c42567
_d42567
336 _atexto
_btxt
_2rdacontent
337 _2rdamedia
_asin mediación
_bn
338 _2rdacarrier
_avolumen
_bnc